| 000 | 00666nam a2200241 i 4500 | ||
|---|---|---|---|
| 001 | 14160 | ||
| 003 | ES-MaACL | ||
| 005 | 20250523062554.0 | ||
| 007 | t| | ||
| 008 | 930329s1995 sp ||||0| spa d | ||
| 016 | 7 | _zSIC92028017 | |
| 020 | _a84-85708-37-7 | ||
| 040 |
_aSIC _bspa _cSIC |
||
| 080 | _a860-34"19" | ||
| 100 | 1 |
_aGarcía Calvo, Agustín, _d1926-2012 _eaut _9233841 |
|
| 245 | 1 | 1 |
_a¿Qué coños? _b: 5 cuentos y una charla / _cAgustín García Calvo. |
| 250 | _a4ª ed. | ||
| 260 |
_aMadrid : _bLucina, _c1995. |
||
| 300 |
_a188 p. ; _c19 cm. |
||
| 852 |
_aES-MaACL _jL-21446 _bR.126745 |
||
| 942 | _2udc | ||
| 999 |
_c14160 _d14160 |
||